Los hermanos Karamazov : (Record no. 22153)

MARC details
000 -LEADER
campo de control de longitud fija 00658nam a2200205 i 4500
001 - NÚMERO DE CONTROL
campo de control 22153
003 - IDENTIFICADOR DE NÚMERO DE CONTROL
campo de control ES-MaACL
005 - FECHA Y HORA DE LA ÚLTIMA TRANSACCIÓN
campo de control 20251019063037.0
007 - CAMPO FIJO DE DESCRIPCIÓN FÍSICA--INFORMACIÓN GENERAL
campo de control de longitud fija t|
008 - DATOS DE LONGITUD FIJA--INFORMACIÓN GENERAL
campo de control de longitud fija 181210s1958 sp ||||1| spa d
100 1# - ENTRADA PRINCIPAL--NOMBRE DE PERSONA
Nombre de persona Dostoievski, Fiódor,
Fechas asociadas al nombre 1821-1881
9 (RLIN) 242371
245 14 - MENCIÓN DEL TÍTULO
Título Los hermanos Karamazov :
Resto del título novela /
Mención de responsabilidad, etc. Fedor Dostoyevski ; [versión de V. Santiago Álvarez].
260 ## - PUBLICACIÓN, DISTRIBUCIÓN, ETC.
Lugar de publicación, distribución, etc. Barcelona :
Nombre del editor, distribuidor, etc. Mateu,
Fecha de publicación, distribución, etc. 1958.
300 ## - DESCRIPCIÓN FÍSICA
Extensión 588 p. ;
Dimensiones 19 cm.
490 1# - MENCIÓN DE SERIE
Mención de serie Colección "La Pluma" ;
Designación de volumen o secuencia 26
700 1# - ENTRADA AGREGADA--NOMBRE PERSONAL
Nombre de persona Santiago Álvarez, V.
9 (RLIN) 165733
830 1# - PUNTO DE ACCESO ADICIONAL DE SERIE-TÍTULO UNIFORME
Título uniforme Colección "La Pluma" ;
Designación de volumen o secuencia 26
9 (RLIN) 187007
852 ## - LOCALIZACIÓN
Ubicación ES-MaACL
Número de control de estantería C-15530
Holdings
Estatus retirado Estado de pérdida Estado de daño No para préstamo Biblioteca de origen Biblioteca actual Ubicación en estantería Fecha de adquisición Fuente de adquisición Total de préstamos Signatura topográfica completa Código de barras Visto por última vez Precio de reemplazo Tipo de ítem Koha
        Biblioteca del Ateneo de Madrid Biblioteca del Ateneo de Madrid Ficheros 10/12/2018     C-15530 1199396 23/02/2023 23/02/2023 Libro impreso